MyGZULibrary

Organizational behavior / (Record no. 6924)

MARC details
000 -LEADER
fixed length control field 01618cam a2200361 i 4500
001 - CONTROL NUMBER
control field 17771589
003 - CONTROL NUMBER IDENTIFIER
control field GZU
005 - DATE AND TIME OF LATEST TRANSACTION
control field 20210503154510.0
008 - FIXED-LENGTH DATA ELEMENTS--GENERAL INFORMATION
fixed length control field 130610t20152015mau a b 001 0 eng
010 ## - LIBRARY OF CONGRESS CONTROL NUMBER
LC control number 2013022717
020 ## - INTERNATIONAL STANDARD BOOK NUMBER
International Standard Book Number 129214630
020 ## - INTERNATIONAL STANDARD BOOK NUMBER
International Standard Book Number 9781292056555
020 ## - INTERNATIONAL STANDARD BOOK NUMBER
International Standard Book Number 0133507645 (hardcover)
040 ## - CATALOGING SOURCE
Original cataloging agency DLC
Language of cataloging eng
Transcribing agency DLC
Description conventions rda
Modifying agency DLC
042 ## - AUTHENTICATION CODE
Authentication code pcc
050 00 - LIBRARY OF CONGRESS CALL NUMBER
Classification number HD58.7
Item number .ROB 2017
100 1# - MAIN ENTRY--PERSONAL NAME
Personal name Robbins, Stephen P.,
Dates associated with a name 1943-
Relator term author
245 10 - TITLE STATEMENT
Title Organizational behavior /
Statement of responsibility, etc. Stephen P . Robbins, Timothy A . Judge
250 ## - EDITION STATEMENT
Edition statement 17th edition.
264 #1 - PRODUCTION, PUBLICATION, DISTRIBUTION, MANUFACTURE, AND COPYRIGHT NOTICE
Place of production, publication, distribution, manufacture Boston :
Name of producer, publisher, distributor, manufacturer Pearson,
Date of production, publication, distribution, manufacture, or copyright notice [2017]
264 #4 - PRODUCTION, PUBLICATION, DISTRIBUTION, MANUFACTURE, AND COPYRIGHT NOTICE
Date of production, publication, distribution, manufacture, or copyright notice ©2017
300 ## - PHYSICAL DESCRIPTION
Extent 739pages :
Other physical details ill. (col.) ;
Dimensions 28 cm
336 ## - CONTENT TYPE
Content type term text
Source rdacontent
337 ## - MEDIA TYPE
Media type term unmediated
Source rdamedia
338 ## - CARRIER TYPE
Carrier type term volume
Source rdacarrier
500 ## - GENERAL NOTE
General note Includes indexes.
504 ## - BIBLIOGRAPHY, ETC. NOTE
Bibliography, etc. note Includes bibliographical references.
505 0# - FORMATTED CONTENTS NOTE
Formatted contents note What is organizational behavior? -- Diversity in organizations -- Attitudes and job satisfaction -- Emotions and moods -- Personality and values -- Perception and individual decision making -- Motivation concepts -- Motivation : from concepts to applications -- Foundations of group behavior -- Understanding work teams -- Communication -- Leadership -- Power and politics -- Conflict and negotiation -- Foundations of organization structure -- Organizational culture -- Human resource policies and practices -- Organizational change and stress management.
650 #0 - SUBJECT ADDED ENTRY--TOPICAL TERM
Topical term or geographic name entry element Organizational behavior.
700 1# - ADDED ENTRY--PERSONAL NAME
Personal name Judge, Tim.
Relator term author
906 ## - LOCAL DATA ELEMENT F, LDF (RLIN)
a 7
b cbc
c orignew
d 1
e ecip
f 20
g y-gencatlg
942 ## - ADDED ENTRY ELEMENTS (KOHA)
Source of classification or shelving scheme Library of Congress Classification
Koha item type Books
Edition 17th ed.
Classification part 58.7
Item part ROB
Call number prefix HD
Holdings
Withdrawn status Lost status Source of classification or shelving scheme Damaged status Not for loan Collection code Home library Current library Shelving location Date acquired Source of acquisition Total Checkouts Full call number Barcode Date last seen Copy number Price effective from Koha item type
    Library of Congress Classification     Non-fiction Mashava Campus Library Mashava Campus Library General Stacks 05/03/2021 Book Aid International   HD 58.5 ROB 2017 030013 05/03/2021 c. 1 05/03/2021 Books
    Library of Congress Classification     Non-fiction Mashava Campus Library Mashava Campus Library General Stacks 05/03/2021 Book Aid International   HD 58.7 ROB 2017 030010 05/03/2021 c. 2 05/03/2021 Books
    Library of Congress Classification     Non-fiction Mashava Campus Library Mashava Campus Library General Stacks 05/03/2021 Book Aid International   HD 58.7 ROB 2017 030009 05/03/2021 c. 3 05/03/2021 Books
    Library of Congress Classification     Non-fiction Mashava Campus Library Mashava Campus Library General Stacks 05/03/2021 Book Aid International   HD 58.7 ROB 2017 030011 05/03/2021 c. 4 05/03/2021 Books
    Library of Congress Classification     Non-fiction Mashava Campus Library Mashava Campus Library General Stacks 05/04/2021 Book Aid International   HD 58.7 ROB 2017 027922 05/04/2021 C. 5 05/04/2021 Books
    Library of Congress Classification     Non-fiction Mashava Campus Library Mashava Campus Library General Stacks 05/04/2021 Book Aid International   HD 58.7 ROB 2017 028002 05/04/2021 c. 6 05/04/2021 Books